000
00331 a2200145 4500
001
156818
040
_c
Escola São Tomás de Aquino
100
_a
JOSÉ, Elias
240
1
0
_a
Poesia é fruta doce e gostosa
_l
por
245
1
0
_a
Poesia é fruta doce e gostosa
300
_a
55
362
0
_a
2006
697
_a
Poesia
942
_c
BK
999
_c
156818
_d
156818